000 00342nam a22001457a 4500
008 210302b ||||| |||| 00| 0 eng d
020 _a9781609181666
041 _aeng
080 _22nd
_a91
082 _a91
100 _a42
101 _aGJEO
245 _aMaking Maps A visual Guide to Map Design for GIS
_cKrygier, J
942 _2udc
_cBK
999 _c55513
_d55513